Economic co operation in the Indian subcontinent (Record no. 27397)

MARC details
000 -LEADER
fixed length control field 00299nam a2200109Ia 4500
082 ## - DEWEY DECIMAL CLASSIFICATION NUMBER
Classification number 334.4(540)
Item number JAY
100 ## - MAIN ENTRY--AUTHOR NAME
Personal name JAYARAMAN, T K
245 #0 - TITLE STATEMENT
Title Economic co operation in the Indian subcontinent
260 ## - PUBLICATION, DISTRIBUTION, ETC. (IMPRINT)
Place of publication Delhi
Name of publisher Orient Longman
Year of publication 1978
942 ## - ADDED ENTRY ELEMENTS (KOHA)
Koha item type Books
Holdings
Withdrawn status Lost status Damaged status Not for loan Home library Current library Date acquired Full call number Accession Number Koha item type
        RRII Library RRII Library 16/12/2021 334.4(540) JAY 08021 Books